000 00288nam a22001217a 4500
008 171127b xxu||||| |||| 00| 0 eng d
041 _aeng
080 _a7
100 _a44
101 _aART
245 _aVIRGINIA ARCHITECTURE IN THE SEVENTEENTH CENTURY
_cFORMAN, H.CH
942 _2udc
_cBK
999 _c38595
_d38595